Medizin - Statistiken

Allgemein
  • Dieses Quiz wurde 380 mal gespielt
  • Das Durchschnittsergebnis liegt bei 5 aus 12
Antwortstatistiken
Frage Antwort % Korrekt
An welchem Körperteil wird eine Thoraxdrainage ausgeführt? Brustkorb
91%
Was versteht man unter lat. auditus? Gehör
78%
Wie lautet der lateinische Fachbegriff für die Augenarzt? Ophthalmologe
64%
Was ist der lateinische Begriff für Kopf? caput
60%
Aus welchen Ländern kommen die meisten deutschen Ärzte mit ausländischen Wurzeln? Rumänien, Syrien, Griechenland
44%
Was versteht man unter Tonometrie? Messung des Augeninnendrucks
42%
Wann wurde Latein zur Fachsprache der Medizin? Mittelalter
40%
Was wird bei Augenerkennung gescannt? Iris
29%
Aus welcher Sprache kommt das Wort Skalpell? Lateinisch für Lanzette der Ärzte
20%
Was versteht man unter dem lateinischen Begriff supercilii? Augenbraue
13%
Mit was werden Glassplitter aus Augen entfernt? Laser
9%
Wie lautet der lateinische Fachbegriff für die Augenlinse? Phakos
0%
Keine übereinstimmenden Quizze gefunden
Verteilung der Resultate
Anzahl Personen mit jedem Resultat
Perzentil nach korrekt beantworteten Fragen
Ihre Resultats-Entwicklung
Sie haben dieses Quiz noch nicht gespielt